Redes de computadoras /
Contenido: Usos de las redes de computadoras; Componentes de las redes; Programas de las redes; Modelos de referencia; Redes de ejemplos; Estandarización de redes; Unidades métricas; Panorama del resto del libro; La base teórica de la comunicación de datos; Medios de transmisión guiados; Transmisión...
Enregistré dans:
| Auteur principal: | |
|---|---|
| Format: | Livre |
| Langue: | espagnol |
| Publié: |
México :
Prentice-Hall,
2003, c2003
|
| Sujets: | |
| Tags: |
Pas de tags, Soyez le premier à ajouter un tag!
|
MARC
| LEADER | 00000nam^a2200000^a^4500 | ||
|---|---|---|---|
| 001 | 000154632 | ||
| 005 | 20250521000000.0 | ||
| 009 | 20260310100401.431 | ||
| 020 | |a 970-26-0162-2 | ||
| 037 | |a Acervo ITESO - Biblioteca | ||
| 041 | |a ESP | ||
| 082 | |a 621. 38217 |b TAN | ||
| 100 | |a Tanenbaum, Andrew S. |e (autor) | ||
| 240 | 1 | 1 | |a [Redes de computadoras] |
| 245 | 1 | 0 | |a Redes de computadoras / |c A.S. Tanenbaum ; tr. por Elisa Núñez Ramos. |
| 264 | 4 | |a México : |b Prentice-Hall, |c 2003, c2003 | |
| 300 | |a XX, 891 p. | ||
| 336 | |a texto |b txt |2 rdacontenido | ||
| 337 | |a sin mediación |b n |2 rdamedio | ||
| 338 | |a volumen |b nc |2 rdasoporte | ||
| 500 | |a Traducción de: Computer Networks | ||
| 520 | |a Contenido: Usos de las redes de computadoras; Componentes de las redes; Programas de las redes; Modelos de referencia; Redes de ejemplos; Estandarización de redes; Unidades métricas; Panorama del resto del libro; La base teórica de la comunicación de datos; Medios de transmisión guiados; Transmisión inalámbrica; Satélites de comunicaciones; La red telefónica pública conmutada; El sistema telefónico móvil; Televisión por cable; Cuestiones de diseño de la capa de enlace de datos; Detección y corrección de errores; Protocolos elementales de enlace de datos; Protocolos de ventana corrediza; Verificación de los protocolos; Ejemplos de protocolos de enlace de datos; El problema de asignación del canal; Protocolos de acceso múltiple; Ethernet; Redes de área local inalámbricas; Banda ancha inalámbrica; Bluetooth; Conmutación en la capa de enlace de datos; Aspectos del diseño de la capa de red; Algoritmos de enrutamiento; Algoritmos para el control de la congestión; Calidad del Servicio; Interconectividad; La capa de red de Internet; El servicio de transporte; Elementos de los protocolos de transporte; Un protocolo de transporte sencillo; Los protocolos de transporte de Internet: UDP; Los protocolos de transporte de Internet: TCP; Aspectos del desempeño; DNS: el sistema de nombres de dominio; Correo electrónico; World Wide Web; Multimedia; Criptografía; Algoritmos de clave simétrica; Algoritmos de clave pública; Firmas digitales; Administración de claves públicas; Seguridad en la comunicación; Protocolos de autenticación; Seguridad de correo electrónico; Seguridad en web; Aspectos sociales. | ||
| 521 | |a 2016 BO Licenciatura en Ingeniería en Sistemas Computacionales Acreditación | ||
| 521 | |a 2016 BO Licenciatura en Ingeniería en Redes y Telecomunicaciones Acreditación | ||
| 590 | |a Traducción de la 4a edición en inglés | ||
| 649 | |a XX | ||
| 650 | |a Telefonía Celular | ||
| 650 | |a Teléfono | ||
| 650 | |a Televisión por Cable | ||
| 650 | |a Correo Electrónico | ||
| 650 | |a Internet | ||
| 650 | |a Computación Móvil | ||
| 650 | |a Satélites Artificiales en Telecomunicaciones | ||
| 650 | |a Componentes (Hardware) | ||
| 650 | |a Criptografía | ||
| 650 | |a Protocolos de Comunicación | ||
| 650 | |a Redes de Computadoras - |x Diseño y Construcción | ||
| 650 | |a Redes de Computadoras - |x Seguridad | ||
| 650 | |a Redes de Computadoras - |x Administración | ||
| 650 | |a Comunicación en Red | ||
| 650 | |a Comunicación Inalámbrica | ||
| 650 | |a Señales y Transmisión de Señales | ||
| 650 | |a Sistemas de Telecomunicación | ||
| 650 | |a Telecomunicaciones | ||
| 650 | |a Comunicaciones y Tránsito | ||
| 650 | |a Paquetes (Software) | ||
| 650 | |a Ingeniería Computacional | ||
| 650 | |a Ingeniería Electrónica | ||
| 910 | |a Fondo General | ||
| 920 | |a Impresos - Libros | ||
| 930 | |a Colección General | ||
| 905 | |a 101 | ||
| 901 | |a 0500083036 |b IT1 |c ACC |u 20250521 | ||
| 901 | |a 0500098690 |b IT1 |c ACC |u 20250521 | ||
| 901 | |a 0500152432 |b IT1 |c ACC |u 20250521 | ||
| 901 | |a 0500152431 |b IT1 |c ACC |u 20250521 | ||
| 902 | |a https://opac.biblio.iteso.mx/vufind/Record/000154632 | ||